Sujetos a nuestro propio y múltiple ser : teoría social, psicoanálisis y posmodernidad /

-д хадгалсан:
Номзүйн дэлгэрэнгүй
Үндсэн зохиолч: Elliot, Anthony (autor)
Формат: Ном
Хэл сонгох:испани
Хэвлэсэн: Buenos Aires, Argentina : Amorrortu, 1997, c1997
Цуврал:(Biblioteca de Psicología y Psicoanálisis Amorrortu)
Нөхцлүүд:
Шошгууд: Шошго нэмэх
Шошго байхгүй, Энэхүү баримтыг шошголох эхний хүн болох!

MARC

LEADER 00000nam^a2200000^a^4500
001 000143453
005 20250521000000.0
009 20260310095724.692
020 |a 950-518-570-7 
037 |a Acervo ITESO - Biblioteca 
041 |a ESP 
082 |a 149. 97  |b ELL 
100 |a Elliot, Anthony  |e (autor) 
245 1 0 |a Sujetos a nuestro propio y múltiple ser :  |b teoría social, psicoanálisis y posmodernidad /  |c A. Elliot. 
264 4 |a Buenos Aires, Argentina :  |b Amorrortu,  |c 1997, c1997 
300 |a 224 p. 
336 |a texto  |b txt  |2 rdacontenido 
337 |a sin mediación  |b n  |2 rdamedio 
338 |a volumen  |b nc  |2 rdasoporte 
440 1 |a (Biblioteca de Psicología y Psicoanálisis Amorrortu) 
500 |a Traducción de: Subjet to Ourselves. Social Theory, Psychoanalysis and Post Modernity 
649 |a XX 
650 |a Creatividad 
650 |a Fantasía 
650 |a Deseo 
650 |a Identidad Personal 
650 |a Diferencia y Otredad 
650 |a Interacción Social 
650 |a Medios de Comunicación 
650 |a Credibilidad (Medios de Comunicación) 
650 |a Comunicación Masiva 
650 |a Sociedad Postindustrial 
650 |a Cultura 
650 |a Globalización 
650 |a Modernidad y Posmodernidad 
650 |a Modernidad y Posmodernidad -  |x Teoría 
650 |a Psicoanálisis 
650 |a Sociología de la Cultura 
910 |a Fondo General 
920 |a Impresos - Libros 
930 |a Colección General 
905 |a 101 
901 |a 0500072013  |b IT1  |c ACC  |u 20250521 
902 |a https://opac.biblio.iteso.mx/vufind/Record/000143453